| 000 | 00769nam a22002417a 4500 | ||
|---|---|---|---|
| 003 | 0 | ||
| 005 | 20251027160631.0 | ||
| 008 | 251027b xxu||||| |||| 00| 0 eng d | ||
| 020 | _a978-1-98468-002-0 | ||
| 050 |
_aTX 911.3.M27 _b.T47 2023 |
||
| 110 | _a3G E-Learning | ||
| 245 |
_aGeneral management skills for hotel managers / _c3G E-Learning. |
||
| 250 | _aThird edition. | ||
| 260 |
_aNew York, NY : _b3G E-Learning LLC, _c2023. |
||
| 300 |
_ax, 186 pages : _bcolored illustrations ; _c26 cm. |
||
| 504 | _aIncludes bibliographical references and index. | ||
| 650 | _aHotel management. | ||
| 650 |
_aHospitality industry _xManagement. |
||
| 650 |
_aHotels _xBusiness management. |
||
| 650 | _aLeadership. | ||
| 650 | _aSupervisory skills. | ||
| 942 |
_2lcc _cBK |
||
| 999 |
_c368359 _d368359 |
||